000 00605cam a2200145 4500500
005 20260208002353.0
041 _afre
042 _adc
100 1 0 _aBertrand, Frédéric
_eauthor
245 0 0 _aÉlisabeth Gessat-Anstett, Liens de parenté en Russie post-soviétique : une enquête ethnographique, Paris, L’Harmattan, 2004, 236 p., bibl. («Nouvelles études anthropologiques»)
260 _c2005.
500 _a18
786 0 _nL'Homme | 175-176 | 3 | 2005-07-01 | p. 475zc-572zc | 0439-4216
856 4 1 _uhttps://shs.cairn.info/revue-l-homme-2005-3-page-475zc?lang=fr&redirect-ssocas=7080
999 _c1645998
_d1645998